What Comic Company Made This Character - Statistics

General Stats
  • This quiz has been taken 34 times
  • The average score is 12 of 22
Answer Stats
Hint Answer % Correct
Superman DC
100%
Batman DC
100%
Deadshot DC
100%
Spider-Man Marvel
100%
Wolverine Marvel
100%
Deadpool Marvel
100%
Deathstroke DC
97%
Scarlet Witch Marvel
97%
Jinx DC
90%
Squirrel Girl Marvel
60%
Max Mercury DC
40%
Spawn Image
37%
Invincible Image
27%
Thragg Image
27%
Snake Fatale DC
23%
The Disappointment DC
23%
The Boys Dynamite
13%
Teenage Mutant Ninja Turtles IDW
13%
Love Sausage Dynamite
10%
Scarlett IDW
10%
Plutonian Boom!
7%
Max Damage Boom!
7%
No matching quizzes found
Score Distribution
Percent of People with Each Score
Percentile by Number Answered
Your Score History
You have not taken this quiz